Movies that say their title Quiz Stats

 Plays Quiz not verified by Sporcle

Challenge
Share
Tweet
Embed
Score 0/40 Timer 07:00
0 Plays Today
Hint Answer % Correct
Next Saturday night, we're sending you ____ __ ___ ______Back to the future
91.7%
___ ___. That's kind of catchy. It's got a nice ring to it. I mean it's not technically accurate. The suit's a gold titanium alloy, but it's kind of provocative, the imagery anywayIron Man
83.6%
Adrian!...______!...Adrian!Rocky
82.7%
The Corleone Family don't even have that kind of muscle anymore. ___ _______'s sick, right?The Godfather
81%
You can be blasé about some things, Rose, but not about _______Titanic
79.1%
Welcome to _____ _____. The first rule of _____ ____ is: you do not talk about _____ _____.Fight Club
77.9%
We will not vanish without a fight! We're going to live on! We're going to survive! Today we celebrate our _______ ___!Independence Day
76.5%
That's right wood chuck chuckers. It's ________ ___Groundhog Day
76.2%
What is ___ ______? Control. ___ ______ is a computer-generated dream world built to keep us under control in order to change a human being into this.The Matrix
75.8%
Why doesn't the hero reveal himself and tell us all your real name? You do have a name... My name is__________Gladiator
75.1%
The bible calls this day ________ - the end of all things.Armageddon
73.6%
I'm going to improvise. Listen, there's something you should know about me... about _______. An idea is like a virus, resilient, highly contagious.Inception
72.7%
I want to take his ____... ___. Eyes, nose, skin, teeth. It's coming off.Face/Off
72.7%
Nothings free in _______Waterworld
70.1%
You're no longer part of the System. You're above the System. Over it. Beyond it. We're 'them.' We're 'they.' We are the ___ __ _____Men In Black
69.1%
Buddy the ___, what's your favorite color?Elf
66.5%
More bad news from the Vietnamese set of _____ _____Tropic Thunder
65.6%
Does that answer your question? Sincerely yours, ___ ________ ____The Breakfast Club
62.9%
I'm gonna send you up against the best. You two characters are going to ___ ___Top Gun
62.7%
Her wish is nearly granted in the form of a prince, but before he can declare his love her lustful twin, the _____ ____, tricks and seduces him.Black Swan
60.6%
Hint Answer % Correct
Dr. Grant, my dear Dr. Sattler... Welcome to _______ _____Jurassic Park
60.3%
It all began with the ______ of a 911, and ended in a bloodbath that has rocked the town of Woodsboro.Scream
58.9%
Well it's _________ ___, again.Groundhog Day
56.8%
You were in the window. You waved to me, 'Bye bye ____ ___', 'Bye bye.'Rain Man
56.3%
If the answer is 'yes,' then don't wait another minute. Pick up the phone and call the professionals... _________Ghostbusters
56.3%
These drug cartels represent a _____ ___ _______ ______Clear and Present Danger
55.6%
Seven-six-two millimeter. ____ ______ ______.Full Metal Jacket
50.1%
It all boiled down to one inevitable conclusion, I was just totally ________Clueless
49.6%
I've got a sneaky feeling that you'll find that _____ ________ is all around Love Actually
48.7%
A recon gyrene in an ______ body... that's a potent mix! Gives me the goosebumps!Avatar
48.5%
________. It's like a stew, right? Why do they call it that? If you're gonna name a food, you should give it a name that sounds delicious.Ratatouille
47%
'______ _____.' What the hell kind of name is that? It's like some sort of superhero or something.Donnie Darko
47%
So what is it? Why do you want to be a ____ _______? Do you need a second job? Are you moonlighting?Taxi Driver
46.8%
We got a____ ____ ____. We got a ____ _____ _Black Hawk Down
39.9%
We're going away from you, away from the Duke, away from the ______ _____Moulin Rouge
34.7%
On ___ _____ _______ you're gonna win or you're gonna lose. The point is - can you win or lose like a man?Any Given Sunday
34.4%
That's the answer to the riddle. Because that's what an 8000 pound mako thinks about. About freedom. About the ____ ____ ____.Deep Blue Sea
31.1%
Brought to you by ultraclutch______Hairspray
26.4%
Welcome to the ____ ____ sonLayer Cake
16.2%
I'm gonna be tellin' your story,_____ ____, long after you're dead and gone!Happy Feet
2.1%

You're not logged in!

Compare scores with friends on all Sporcle quizzes.
Join for Free
OR
Log In

You Might Also Like...

Show Comments

Extras

Top Quizzes Today


Score Distribution

Your Account Isn't Verified!

In order to create a playlist on Sporcle, you need to verify the email address you used during registration. Go to your Sporcle Settings to finish the process.

Report this User

Report this user for behavior that violates our Community Guidelines.

Details: